Normal view
MARC view
Entry Topical Term
001 - CONTROL NUMBER
- control field: 91691
003 - CONTROL NUMBER IDENTIFIER
- control field: BDCtgAUW
005 - DATE AND TIME OF LATEST TRANSACTION
- control field: 20260426183946.0
008 - FIXED-LENGTH DATA ELEMENTS
- fixed length control field: 260426|| aca||aabn | a|a d
040 ## - CATALOGING SOURCE
- Original cataloging agency: BDCtgAUW
- Transcribing agency: BDCtgAUW
150 ## - HEADING--TOPICAL TERM
- Topical term or geographic name entry element: Japanese language Japanese language
- General subdivision: Conversation and phrase books
670 ## - SOURCE DATA FOUND
- Source citation: Work cat.: (BDCtgAUW)18688: Matsuda, Midori. author, Japanese graded readers :, 2009.